Código del trabajo (Registro nro. 5706)

Detalles MARC
000 -LEADER
fixed length control field 00696 a2200217 4500
001 - CONTROL NUMBER
control field 54632
005 - DATE AND TIME OF LATEST TRANSACTION
control field 20260407155821.0
008 - FIXED-LENGTH DATA ELEMENTS--GENERAL INFORMATION
fixed length control field 260407a1973 arg spa d
003 - CONTROL NUMBER IDENTIFIER
control field AR-UNSa-BCEJYS
040 ## - CATALOGING SOURCE
Original cataloging agency AR-UNSa-BCEJYS
Language of cataloging spa
Transcribing agency AR-UNSa-BCEJYS
080 ## - UNIVERSAL DECIMAL CLASSIFICATION NUMBER
Universal Decimal Classification number 349.2(094.5)
Common auxiliary subdivision (Legislación del trabajo (Legislación laboral, contrato de trabajo,procedimiento laboral,riesgo laboral etc.))
041 ## - LANGUAGE CODE
Language code of text/sound track or separate title spa
100 1# - MAIN ENTRY--PERSONAL NAME
Personal name Krotoschin, Ernesto
245 10 - TITLE STATEMENT
Title Código del trabajo
Name of part/section of a work anotado
250 ## - EDITION STATEMENT
Edition statement 5a. ed.
264 #1 - PRODUCTION, PUBLICATION, DISTRIBUTION, MANUFACTURE, AND COPYRIGHT NOTICE
Place of production, publication, distribution, manufacture Buenos Aires :
Name of producer, publisher, distributor, manufacturer Ediciones Depalma
Date of production, publication, distribution, manufacture, or copyright notice 1973
300 ## - PHYSICAL DESCRIPTION
Extent xxxii, 1291 p.
Dimensions 23 cm.
590 ## - LOCAL NOTE (RLIN)
Local note niveau_biblio:m niveau_hierar:0
700 1# - ADDED ENTRY--PERSONAL NAME
Personal name Ratti, Jorge A.F.
942 ## - ADDED ENTRY ELEMENTS (KOHA)
Koha item type
Existencias
Withdrawn status Lost status Damaged status Not for loan Home library Current library Shelving location Date acquired Total checkouts Full call number Barcode Date last seen Price effective from Koha item type
        Biblioteca Prof. Eusebio Cleto del Rey Biblioteca Prof. Eusebio Cleto del Rey   07/04/2026   349.2(094.5) K93 5ed. L87239 07/04/2026 07/04/2026 Libro